[Event "Matterhorn Challenge"]
[Site "SchemingMind.com"]
[Date "2010.07.26"]
[Round "-"]
[White "Negrito19"]
[Black "Clive Everill"]
[Result "1/2-1/2"]
[WhiteCountry "ARG"]
[BlackCountry "CZE"]
[WhiteElo "1544"]
[WhiteRD "81"]
[BlackElo "1642"]
[BlackRD "51"]
[GameID "255332"]

1. e4 Nc6 2. d4 d5 3. e5 f6 4. Nf3 Bg4 5. Be2 e6 6. h3 Bh5 7. Be3 Bb4+ 8. c3 Ba5 9. Qa4 a6 10. b4 Bb6
11. Na3 f5 12. Bg5 Ne7 13. Bxe7 Qxe7 14. b5 Na7 15. bxa6+ Nc6 16. Bb5 O-O 17. Qb3 Na5 18. Qb4 Qxb4 19. cxb4 bxa6 20. Bd7 Nc4
21. Bxe6+ Bf7 22. Bxf7+ Rxf7 23. Nxc4 dxc4 24. O-O a5 25. bxa5 Bxa5 26. Rfc1 c3 27. Ng5 Rff8 28. Ne6 Rf7 29. Nc5 c6 30. a3 Rb8
31. Na6 Rb2 32. Nb4 Bxb4 33. axb4 Rxb4 34. Rxc3 Rxd4 35. Rxc6 Re4 36. Rc5 Re7 37. Raa5 Re1+ 38. Kh2 Kf7 39. e6+ R1xe6 40. Rxf5+ Rf6
41. Rxf6+ Kxf6 42. Rh5 g6 43. Rd5 Re2 44. Kg3 h5 45. Kf3 Re6= 46. g3 Re5 47. Rd4 Ra5 48. Rf4+ Kg7 49. g4 Ra3+ 50. Kg2 hxg4
51. Rxg4 Kh6 52. f3 Ra2+ 53. Kg3 Ra3 54. h4 Ra1 55. f4 Ra3+ 56. Kh2 Kh5 57. Rg3 Ra4 58. Rg5+=
1/2-1/2

[Event "Matterhorn Challenge"]
[Site "SchemingMind.com"]
[Date "2010.07.25"]
[Round "-"]
[White "Clive Everill"]
[Black "Negrito19"]
[Result "1-0"]
[WhiteCountry "CZE"]
[BlackCountry "ARG"]
[WhiteElo "1707"]
[WhiteRD "50"]
[BlackElo "1560"]
[BlackRD "78"]
[GameID "255333"]

1. e4 e5 2. Nc3 Nf6 3. f4 exf4 4. e5 Ng8 5. d4 Nc6 6. Bxf4 Bb4 7. Qd3 Qh4+ 8. g3 Qh5 9. Be2 Qg6 10. Qd2 Nge7
11. a3 Ba5 12. Nf3 Nd5 13. Nh4 Qe6 14. b4 Bb6 15. Nxd5 Qxd5 16. Bf3 Qxd4 17. Qxd4 Bxd4 18. Rd1 Bc3+ 19. Kf2 h6 20. Nf5 O-O
21. Bxc6 dxc6 22. Ne3 b6 23. Rd3 g5 24. Rxc3 gxf4 25. gxf4 Kh7 26. Rg1 a5 27. Rxc6 axb4 28. axb4 Ra7 29. Ng4 Bxg4 30. Rxg4 Rg8
31. Rxg8 Kxg8 32. Rxh6 Ra2 33. Rc6 Ra7 34. Ke3 Kf8 35. Ke4 Ke7 36. Kd5 Kd8 37. f5 Ra4 38. c3 Ra2 39. h4 Rf2 40. f6 Rh2
41. e6 Rd2+ 42. Kc4 fxe6 43. Rxe6 Rf2 44. h5 Rf4+ 45. Kd5 Rf5+ 46. Kc6 Rxh5 47. Re7 Rh6 48. Rxc7 Rxf6+ 49. Kb7 b5 50. Rc5 Rf3
51. Kb6 Kd7 52. Kxb5 Kd6 53. c4 Rf4 54. Rc6+ Ke5 55. c5 Kd4 56. Kb6 Kc3 57. b5 Rb4 58. Rh6 Kb3 59. c6 Ka4 60. Rh5 Rb3
61. c7 Rc3 62. Rc5 Rd3 63. c8=Q Rd6+ 64. Rc6 Rd5 65. Qg4+ Ka3 66. Rc3+ Kb2 67. Qb4+ Ka2 68. Ra3#
1-0

[Event "Matterhorn Challenge"]
[Site "SchemingMind.com"]
[Date "2010.07.25"]
[Round "-"]
[White "PStuart"]
[Black "Negrito19"]
[Result "1-0"]
[WhiteCountry "USA"]
[BlackCountry "ARG"]
[WhiteElo "1825"]
[WhiteRD "68"]
[BlackElo "1560"]
[BlackRD "78"]
[GameID "255340"]

1. d4 d5 2. Nf3 Bg4 3. Ne5 Bf5 4. e3 f6 5. Nf3 a6 6. Bd3 Bxd3 7. Qxd3 Nc6 8. c3 e5 9. dxe5 fxe5 10. e4 dxe4
11. Qxe4 Nf6 12. Qe2 h6 13. Nxe5 Nxe5 14. Qxe5+ Be7 15. O-O Ng4 16. Qxg7 Rf8 17. Qxg4 Rf6 18. Qg8+ Rf8 19. Qg6+ Rf7 20. Bxh6 Qd6
21. Qxd6 Bxd6 22. Re1+ Re7 23. Rxe7+ Bxe7 24. Nd2 O-O-O 25. Nf3 Rh8 26. Be3 Kb8 27. g3 Bd6 28. Rd1 Rh5 29. h4 Rb5 30. Rd2 Ka8
31. Nd4 Re5 32. Kg2 Ra5 33. a3 Re5 34. Bf4 Re7 35. Bxd6 cxd6 36. Nf5 Rd7 37. Rxd6 Rf7 38. g4 Kb8 39. f4 Kc7 40. Rd2 Kc6
41. h5 b5 42. h6 Kc5 43. b3 a5 44. Kf3 a4 45. b4+ Kc4 46. Nd6+ Kb3 47. Nxf7 Kxa3 48. h7 Kb3 49. h8=Q a3 50. Qh1 a2
51. Qa1 Kc4 52. Qxa2+ Kxc3 53. Qb2+ Kc4 54. Rd4#
1-0

[Event "Matterhorn Challenge"]
[Site "SchemingMind.com"]
[Date "2010.07.23"]
[Round "-"]
[White "PStuart"]
[Black "Clive Everill"]
[Result "1/2-1/2"]
[WhiteCountry "USA"]
[BlackCountry "CZE"]
[WhiteElo "1786"]
[WhiteRD "61"]
[BlackElo "1657"]
[BlackRD "51"]
[GameID "255341"]

1. d4 Nf6 2. Nf3 a6 3. Bf4 b5 4. e3 Bb7 5. Bd3 e6 6. Nbd2 Be7 7. e4 c5 8. c3 d5 9. e5 Nh5 10. Be3 c4
11. Bc2 Nc6 12. g4 Nf6 13. exf6 Bxf6 14. g5 Be7 15. h4 b4 16. Nf1 a5 17. N1h2 f5 18. Bf4 O-O 19. Qe2 Qd7 20. Ne5 Nxe5
21. Bxe5 a4 22. a3 b3 23. Bd1 Bd6 24. Nf3 Rab8 25. h5 Ba6 26. Bxd6 Qxd6 27. Ne5 Rb7 28. f4 Rc7 29. Qg2 Bb5 30. Bf3 Be8
31. Kf2 Bb5 32. Rag1 Be8 33. Qh3 Qd8 34. Be2 Qd6 35. Qh4 Qe7 36. Qg3 Qd6 37. g6 h6 38. Qe3 Rf6 39. Re1 Re7 40. Bf3 Kf8
41. Reg1=
1/2-1/2

[Event "Matterhorn Challenge"]
[Site "SchemingMind.com"]
[Date "2010.07.26"]
[Round "-"]
[White "Negrito19"]
[Black "PStuart"]
[Result "0-1"]
[WhiteCountry "ARG"]
[BlackCountry "USA"]
[WhiteElo "1544"]
[WhiteRD "81"]
[BlackElo "1801"]
[BlackRD "69"]
[GameID "255342"]

1. e4 c6 2. d4 d5 3. e5 Bf5 4. h3 e6 5. g4 Bg6 6. Bg2 Ne7 7. Na3 Nd7 8. Qe2 c5 9. Be3 cxd4 10. Bxd4 Nc6
11. Bc3 Bxa3 12. bxa3 h6 13. Rb1 Qc7 14. Nf3 Rc8 15. h4 Be4 16. Rh3 Bxf3 17. Bxf3 Ncxe5 18. Bg2 O-O 19. g5 hxg5 20. hxg5 g6
21. f4 Kg7 22. Bf3 Qxc3+ 23. Kf2 Nxf3 24. Rxf3 Qc5+ 25. Re3 Rh8 26. Kg3 Nb6 27. c3 Rh5 28. Kg4 Rch8 29. Rg3 Rh4+ 30. Kf3 Qxc3+
31. Kf2 Rh2+ 32. Rg2 Rxg2+ 33. Kxg2 Qh3+ 34. Kf2 Qh2+ 35. Ke3 Rh3+ 36. Kd2 Qxf4+ 37. Kc2 Rh2 38. Qxh2 Qxh2+ 39. Kb3 Nc4 40. Ka4 Qc2+
41. Rb3 Qxa2 42. Rxb7 Qxa3+ 43. Kb5 Nd6+ 44. Kc6 Nxb7 45. Kxb7 d4
0-1

[Event "Matterhorn Challenge"]
[Site "SchemingMind.com"]
[Date "2010.07.23"]
[Round "-"]
[White "Clive Everill"]
[Black "PStuart"]
[Result "0-1"]
[WhiteCountry "CZE"]
[BlackCountry "USA"]
[WhiteElo "1657"]
[WhiteRD "51"]
[BlackElo "1786"]
[BlackRD "61"]
[GameID "255343"]

1. c4 c6 2. Nf3 d5 3. g3 Nf6 4. Bg2 Bf5 5. d4 e6 6. Nc3 Bb4 7. O-O O-O 8. c5 Bxc3 9. bxc3 h6 10. Ne5 Nbd7
11. f4 Ne4 12. Bb2 Nxe5 13. fxe5 Qg5 14. Qc1 Qxc1 15. Raxc1 Nd2 16. Rfd1 Nc4 17. Ba1 a5 18. a4 f6 19. exf6 Rxf6 20. Re1 Ne3
21. Bh1 Raf8 22. Kf2 Nc4 23. Kg1 Bh3 24. e4 Rf2 25. exd5 exd5 26. Rb1 Nd2 27. Rbd1 Ne4 28. c4 Rc2 29. Bxe4 dxe4 30. Rxe4 Rff2
31. Re8+ Kf7 32. Rb8 Rg2+ 33. Kf1 Rxh2+
0-1

[Event "Matterhorn Challenge"]
[Site "SchemingMind.com"]
[Date "2010.07.25"]
[Round "-"]
[White "Nut"]
[Black "Negrito19"]
[Result "1-0"]
[WhiteCountry "USA"]
[BlackCountry "ARG"]
[WhiteElo "1914"]
[WhiteRD "70"]
[BlackElo "1544"]
[BlackRD "81"]
[GameID "255347"]

1. e4 e5 2. Nf3 Nc6 3. Bb5 Nd4 4. Nxd4 exd4 5. O-O c6 6. Bc4 b5 7. Bb3 a5 8. a4 Ba6 9. d3 Bd6 10. Qf3 Qf6
11. Qxf6 Nxf6 12. Re1 Ng4 13. e5 Bxe5 14. f4 bxa4 15. Rxa4 Bb5 16. Rxd4 c5 17. Rde4 O-O 18. fxe5 Nh6 19. Bxh6 gxh6 20. c4 Bc6
21. Rg4+ Kh8 22. Re3 Rab8 23. d4 a4 24. Bc2 Rxb2 25. Na3 cxd4 26. Rh3 f5 27. exf6 Rxf6 28. Rhg3 Rb8 29. Rg7 Rg6 30. Rxh7+ Kxh7
31. Rxg6 Kh8 32. Rxh6+ Kg7 33. Rd6 Rb2 34. Rxd4 Ra2 35. Rg4+ Kf8 36. Rg3 d5 37. cxd5 Bxd5 38. Bxa4 Ra1+ 39. Kf2 Ra2+ 40. Bc2 Be4
41. Rc3 Ke7 42. Re3 Rxa3 43. Bxe4 Rxe3 44. Kxe3 Kf6 45. Kf4 Kg7 46. g4 Kh6 47. h4 Kg7 48. g5 Kh8 49. h5 Kg7 50. Ke5 Kf7
51. h6 Kg8 52. g6 Kh8 53. g7+ Kg8 54. Bd5+ Kh7 55. g8=Q+ Kxh6 56. Kf5 Kh5 57. Qg5#
1-0

[Event "Matterhorn Challenge"]
[Site "SchemingMind.com"]
[Date "2010.07.23"]
[Round "-"]
[White "Nut"]
[Black "Clive Everill"]
[Result "1-0"]
[WhiteCountry "USA"]
[BlackCountry "CZE"]
[WhiteElo "1863"]
[WhiteRD "67"]
[BlackElo "1657"]
[BlackRD "51"]
[GameID "255348"]

1. e4 a6 2. Nf3 b5 3. d4 Bb7 4. Nbd2 e6 5. Bd3 c5 6. c3 Nf6 7. O-O c4 8. Bc2 Be7 9. Re1 d6 10. e5 Nd5
11. Be4 Nc6 12. Bxd5 exd5 13. Nf1 O-O 14. Ng3 Qd7 15. Bg5 Bxg5 16. Nxg5 dxe5 17. dxe5 h6 18. e6 fxe6 19. Nxe6 Rf6 20. Nc5 Qf7
21. Nxb7 Qxb7 22. Qxd5+ Kh7 23. Nf5 Rd8 24. Qe4 g6 25. Ne7 Re8 26. Qh4 Rf7 27. Nxg6 Rxe1+ 28. Rxe1 Rg7 29. Nf8+ Kg8 30. Re8 Ne7
31. Ne6+ Kh7 32. Nxg7 Ng6 33. Qf6 Qxg7 34. Qf5 b4 35. h4 bxc3 36. h5 cxb2 37. hxg6+ Qxg6 38. Re7+
1-0

[Event "Matterhorn Challenge"]
[Site "SchemingMind.com"]
[Date "2010.07.22"]
[Round "-"]
[White "Nut"]
[Black "PStuart"]
[Result "1-0"]
[WhiteCountry "USA"]
[BlackCountry "USA"]
[WhiteElo "1863"]
[WhiteRD "67"]
[BlackElo "1786"]
[BlackRD "61"]
[GameID "255349"]

1. e4 c6 2. d4 d5 3. Nc3 dxe4 4. Nxe4 Bf5 5. Ng3 Bg6 6. h4 h6 7. h5 Bh7 8. Nf3 Nd7 9. Bd3 Bxd3 10. Qxd3 Qc7
11. Bd2 e6 12. O-O-O Ngf6 13. Kb1 Bd6 14. Ne4 Nxe4 15. Qxe4 Nf6 16. Qe2 O-O-O 17. c4 c5 18. Be3 Rhe8 19. Qc2 Ng4 20. Rhf1 Nxe3
21. fxe3 e5 22. dxe5 Bxe5 23. Rxd8+ Kxd8 24. Nxe5 Qxe5 25. Rxf7 Qxe3 26. Qd1+ Qd4 27. Qxd4+ cxd4 28. Rxb7 Re1+ 29. Kc2 Re2+ 30. Kd3 Rxg2
31. Kxd4
1-0

[Event "Matterhorn Challenge"]
[Site "SchemingMind.com"]
[Date "2010.07.27"]
[Round "-"]
[White "Negrito19"]
[Black "Nut"]
[Result "0-1"]
[WhiteCountry "ARG"]
[BlackCountry "USA"]
[WhiteElo "1510"]
[WhiteRD "81"]
[BlackElo "1863"]
[BlackRD "67"]
[GameID "255350"]

1. e4 e5 2. d4 exd4 3. Qxd4 Nc6 4. Qc3 Bb4 5. Bd2 Bxc3 6. Bxc3 Nf6 7. Nd2 O-O 8. O-O-O Re8 9. Bd3 Ng4 10. Nh3 d5
11. f3 Ne3 12. Rde1 Nxg2 13. Reg1 Bxh3 14. exd5 Qxd5 15. Be4 Qxa2 16. b3 a5 17. Bd5 Nb4 18. Bxb4 axb4 19. Nc4 Qa1+ 20. Kd2 Qd4+
21. Kc1 Ra1#
0-1

[Event "Matterhorn Challenge"]
[Site "SchemingMind.com"]
[Date "2010.07.27"]
[Round "-"]
[White "Clive Everill"]
[Black "Nut"]
[Result "0-1"]
[WhiteCountry "CZE"]
[BlackCountry "USA"]
[WhiteElo "1657"]
[WhiteRD "51"]
[BlackElo "1863"]
[BlackRD "67"]
[GameID "255351"]

1. Nf3 Nf6 2. g3 g6 3. Bg2 Bg7 4. d4 d6 5. b3 O-O 6. Bb2 d5 7. Nbd2 Nc6 8. O-O Re8 9. Re1 Bg4 10. Ne5 Qc8
11. c4 Bh3 12. Bh1 Nxe5 13. dxe5 Ng4 14. f4 Qe6 15. Bd4 dxc4 16. bxc4 Rad8 17. Bd5 Rxd5 18. cxd5 Qxd5 19. Nf3 Rd8 20. e3 Qc4
21. Qe2 Qe6 22. Ng5 Qf5 23. Nxh3 h6 24. Nf2 Nxf2 25. Qxf2 b6 26. e4 Qd7 27. Rad1 Qa4 28. Rd2 Qb4 29. Red1 Qc4 30. Qe3 e6
31. Bc3 Rxd2 32. Rxd2 Bf8 33. Kg2 a5 34. Qd4 Qc6 35. Kf3 Be7 36. Bb2 Bf8 37. Qd7 Qc4 38. Kf2 Qxe4 39. Bd4 Qh1 40. Ke3 Bb4
41. Re2 Qg1+ 42. Kf3 Qh1+ 43. Kg4 Qd1 44. Qc8+ Kg7 45. Kf3 Qxd4 46. Qxc7 Qd5+ 47. Kg4 Bc5 48. Rc2 Qd1+ 49. Kh3 Qxc2 50. Qd8 Bg1
51. Qf6+ Kg8 52. Qd8+ Kh7 53. Kg4 Qe2+ 54. Kh4 Qh5#
0-1

[Event "Matterhorn Challenge"]
[Site "SchemingMind.com"]
[Date "2010.07.22"]
[Round "-"]
[White "PStuart"]
[Black "Nut"]
[Result "0-1"]
[WhiteCountry "USA"]
[BlackCountry "USA"]
[WhiteElo "1786"]
[WhiteRD "61"]
[BlackElo "1863"]
[BlackRD "67"]
[GameID "255352"]

1. d4 Nf6 2. Nf3 g6 3. Bf4 Bg7 4. e3 d6 5. h3 O-O 6. Bc4 Nbd7 7. O-O h6 8. Nbd2 Re8 9. e4 e5 10. dxe5 dxe5
11. Bg3 Nc5 12. Re1 Nh5 13. Bh2 Nf4 14. Bxf4 exf4 15. e5 b6 16. Nb3 Be6 17. Bxe6 Nxe6 18. Qxd8 Nxd8 19. Rad1 Nc6 20. Rd7 Nxe5
21. Nxe5 Bxe5 22. c3 Bd6 23. Rxe8+ Rxe8 24. Kf1 Kg7 25. Nd4 a6 26. a4 Kf6 27. b4 h5 28. f3 Re3
0-1

[Event "Matterhorn Challenge"]
[Site "SchemingMind.com"]
[Date "2010.07.22"]
[Round "-"]
[White "kwabena"]
[Black "Nut"]
[Result "0-1"]
[WhiteCountry "ENG"]
[BlackCountry "USA"]
[WhiteElo "1527"]
[WhiteRD "72"]
[BlackElo "1863"]
[BlackRD "67"]
[GameID "255354"]

1. d4 Nf6 2. h3 d5 3. Bf4 e6 4. e3 Bd6 5. Bxd6 Qxd6 6. a3 O-O 7. Nf3 Nc6 8. Be2 Re8 9. c4 b6 10. b4 e5
11. c5 Qe6 12. dxe5 Nxe5 13. Nxe5 Qxe5 14. Nd2 Ne4 15. Nf3 Qc3+ 16. Kf1 bxc5 17. Bd3 cxb4 18. axb4 Qxb4 19. Rb1 Qd6 20. Ke2 Nc3+
0-1

[Event "Matterhorn Challenge"]
[Site "SchemingMind.com"]
[Date "2010.07.25"]
[Round "-"]
[White "kwabena"]
[Black "Negrito19"]
[Result "0-1"]
[WhiteCountry "ENG"]
[BlackCountry "ARG"]
[WhiteElo "1528"]
[WhiteRD "75"]
[BlackElo "1504"]
[BlackRD "82"]
[GameID "255355"]

1. d4 d5 2. Bf4 Nc6 3. e3 Bf5 4. h3 e6 5. Nf3 Nf6 6. Bd3 g6 7. Bxf5 exf5 8. O-O Bd6 9. Bxd6 Qxd6 10. Qc1 Nh5
11. c4 b6 12. b3 f4 13. cxd5 Ne7 14. Qc4 fxe3 15. fxe3 Nxd5 16. Qd3 O-O 17. Nc3 Nb4 18. Qc4 Ng3 19. Rf2 a6 20. Ne5 Nf5
21. a3 Nxe3 22. Qxb4 Qxb4 23. axb4 Nf5 24. Rd1 Rad8 25. d5 Rfe8 26. g4 Ne3 27. Rd3 Rxe5 28. Re2 Nxg4 29. hxg4 Rg5 30. Re4 h5
31. Rg3 f5 32. Re5 Rf8 33. Kh2 hxg4 34. Ne4 Rh5+ 35. Kg2 fxe4 36. Rxe4 Rxd5 37. Rgxg4 Rd2+ 38. Kg3 Rd3+ 39. Kh4 Kg7 40. Rg3 Rxg3
41. Kxg3 c6 42. Re7+ Rf7 43. Re8 Rb7 44. Kg4 c5 45. bxc5 bxc5 46. Re3 Rb4+ 47. Kg5 Rb7 48. Rc3 Rb5 49. Rd3 c4+
0-1

[Event "Matterhorn Challenge"]
[Site "SchemingMind.com"]
[Date "2010.07.23"]
[Round "-"]
[White "kwabena"]
[Black "Clive Everill"]
[Result "1-0"]
[WhiteCountry "ENG"]
[BlackCountry "CZE"]
[WhiteElo "1527"]
[WhiteRD "72"]
[BlackElo "1657"]
[BlackRD "51"]
[GameID "255356"]

1. d4 f5 2. Bf4 Nf6 3. h3 g6 4. e3 Bg7 5. Nf3 d6 6. Be2 Nc6 7. O-O O-O 8. a3 Nh5 9. Bh2 Nf6 10. Nc3 Qe8
11. Nb5 Qd7 12. c4 a6 13. Nc3 Ne4 14. Nd5 e6 15. Nf4 e5 16. dxe5 Nxe5 17. Rb1 Qc6 18. Nd5 Qd7 19. Qc2 c6 20. Nb6 Qd8
21. Nxa8 Be6 22. c5 dxc5 23. Nxe5 Qxa8 24. Nd3 c4 25. Nf4 Bf7 26. Bxc4 Bxc4 27. Qxc4+ Kh8 28. Rfd1 b5 29. Qc2 Rc8 30. Rd7 c5
31. Rbd1 Bf6 32. f3 Ng5 33. Nd5 Qc6 34. Nxf6 Qxf6 35. R7d5 c4 36. Be5
1-0

[Event "Matterhorn Challenge"]
[Site "SchemingMind.com"]
[Date "2010.07.22"]
[Round "-"]
[White "kwabena"]
[Black "PStuart"]
[Result "0-1"]
[WhiteCountry "ENG"]
[BlackCountry "USA"]
[WhiteElo "1527"]
[WhiteRD "72"]
[BlackElo "1786"]
[BlackRD "61"]
[GameID "255357"]

1. d4 d5 2. Bf4 Nf6 3. e3 Bf5 4. h3 e6 5. Nf3 Bd6 6. Bxd6 Qxd6 7. a3 O-O 8. c4 c6 9. c5 Qc7 10. Nc3 Nbd7
11. Nh4 Rfe8 12. Nxf5 exf5 13. Be2 Ne4 14. O-O Ndf6 15. Qc2 g6 16. b4 Qe7 17. b5 Nxc3 18. Qxc3 f4 19. Rae1 Kg7 20. bxc6 bxc6
21. exf4 Ne4 22. Qc2 Qh4 23. Qc1 Rab8 24. Bg4 f5 25. Bf3 Rb3 26. Bxe4 fxe4 27. f3 e3 28. f5 Qxd4 29. Re2 gxf5 30. Qc2 Qd3
31. Qxd3 Rxd3 32. Rfe1 Rxa3 33. Rb1 d4 34. Rb7+ Kg6 35. Rc7 Re6 36. Rd7 d3 37. Re1 d2 38. Rxd2 exd2 39. Rxe6+ Kf7 40. Rd6 Ra1+
41. Kf2 d1=Q 42. Rxd1 Rxd1 43. Ke3 a5
0-1

[Event "Matterhorn Challenge"]
[Site "SchemingMind.com"]
[Date "2010.07.23"]
[Round "-"]
[White "Nut"]
[Black "kwabena"]
[Result "1-0"]
[WhiteCountry "USA"]
[BlackCountry "ENG"]
[WhiteElo "1863"]
[WhiteRD "67"]
[BlackElo "1527"]
[BlackRD "72"]
[GameID "255358"]

1. e4 d5 2. exd5 Qxd5 3. Nc3 Qa5 4. d4 a6 5. Bd2 Qb6 6. Bc1 h6 7. Nf3 Bf5 8. Bc4 e6 9. O-O Nf6 10. Ne5 c5
11. d5 exd5 12. Nxd5 Nxd5 13. Nxf7 Kxf7 14. Qxd5+ Kg6 15. Qf7+ Kh7 16. Qxf5+ Qg6 17. Qd5 Qc6 18. Bd3+ g6 19. Qc4 Bg7 20. Be4 Qc7
21. Qe6 Rf8 22. Qxg6+ Kh8 23. Qh7#
1-0

[Event "Matterhorn Challenge"]
[Site "SchemingMind.com"]
[Date "2010.07.25"]
[Round "-"]
[White "Negrito19"]
[Black "kwabena"]
[Result "0-1"]
[WhiteCountry "ARG"]
[BlackCountry "ENG"]
[WhiteElo "1504"]
[WhiteRD "82"]
[BlackElo "1528"]
[BlackRD "75"]
[GameID "255359"]

1. e4 d5 2. e5 a6 3. d4 Bf5 4. Nf3 h6 5. Nbd2 e6 6. c4 c6 7. g3 Bb4 8. a3 Bxd2+ 9. Bxd2 Ne7 10. Qb3 c5
11. Qxb7 Nbc6 12. cxd5 exd5 13. Bxa6 O-O 14. dxc5 Rb8 15. Qxb8 Qxb8 16. b4 Be4 17. Be2 Nxe5 18. Nxe5 Qxe5 19. O-O Nc6 20. Bf4 Qb2
21. Bg4 Nd4 22. Be5 Ne2+ 23. Bxe2 Qxe5 24. Rac1 Qb2 25. Ra1 Qxe2 26. c6 d4 27. Rfe1 Qf3 28. Kf1 Bxc6 29. Rac1 Rc8 30. a4 Qh1+
31. Ke2 Qf3+ 32. Kd2 Qxf2+ 33. Re2 Qf5 34. b5 Qg5+ 35. Kd1 Qxc1+ 36. Kxc1 Bxb5+ 37. Kd1 Bxe2+ 38. Kxe2 Ra8 39. Kd3 Rxa4 40. h4 f5
41. Kd2 Ra3 42. Ke2 Rxg3 43. Kf2 Rh3 44. Kg2 Rxh4 45. Kg3 Re4 46. Kf3 d3 47. Kg3 d2 48. Kf3 d1=Q+
0-1

[Event "Matterhorn Challenge"]
[Site "SchemingMind.com"]
[Date "2010.07.23"]
[Round "-"]
[White "Clive Everill"]
[Black "kwabena"]
[Result "1-0"]
[WhiteCountry "CZE"]
[BlackCountry "ENG"]
[WhiteElo "1657"]
[WhiteRD "51"]
[BlackElo "1527"]
[BlackRD "72"]
[GameID "255360"]

1. e4 d5 2. exd5 Qxd5 3. Nf3 h6 4. Nc3 Qa5 5. d4 a6 6. Bd2 Qb6 7. b3 Bf5 8. Be2 e6 9. O-O Nf6 10. h3 c5
11. Be3 Qc7 12. Nh4 Bh7 13. Bf3 Nc6 14. dxc5 Ne5 15. Be2 Bxc5 16. Bxc5 Qxc5 17. Na4 Qxc2 18. Qxc2 Bxc2 19. f4 Nc6 20. Nc5 Rb8
21. Bf3 O-O 22. Nxa6 bxa6 23. Bxc6 Bh7 24. Rad1 Rb4 25. g3 Nh5 26. Kh2 Rc8 27. Bg2 Kf8 28. Bf3 a5 29. Bxh5 Rc2+ 30. Kg1 Rxa2
31. Rf3 Rb2 32. f5 e5 33. Re3 f6 34. Ng6+ Bxg6 35. Bxg6 R2xb3 36. Rd8+ Ke7 37. Re8+ Kd7 38. Rxb3 Rxb3 39. Kg2 a4 40. Ra8 a3
41. Bf7 Rc3 42. Ra4 Kd6 43. g4 Kc5 44. h4 Kb5 45. Be8+ Kc5 46. Bf7 Rd3 47. g5 hxg5 48. hxg5 Rd4 49. gxf6 gxf6 50. Rxa3 Rg4+
51. Kh3 Rf4 52. Be6 e4 53. Kg3 Rf1 54. Kg2 Rf4 55. Rh3 Kd4 56. Bc8 e3 57. Rf3 Rxf3 58. Kxf3 Kd3 59. Ba6+ Kd4 60. Ke2 Ke4=
61. Bd3+ Kf4 62. Bb1 Ke5 63. Kxe3 Kd5 64. Kf4 Kd6 65. Kg4 Ke7 66. Kh5 Kf7 67. Kh6 Kf8 68. Kg6 Ke7 69. Kg7 Ke8 70. Kxf6 Kf8
71. Kg6 Kg8 72. f6 Kh8 73. Bd3 Kg8 74. Bc4+ Kh8 75. Kf7 Kh7 76. Ke8 Kh6 77. f7 Kh7 78. f8=Q
1-0

[Event "Matterhorn Challenge"]
[Site "SchemingMind.com"]
[Date "2010.07.23"]
[Round "-"]
[White "PStuart"]
[Black "kwabena"]
[Result "1-0"]
[WhiteCountry "USA"]
[BlackCountry "ENG"]
[WhiteElo "1786"]
[WhiteRD "61"]
[BlackElo "1527"]
[BlackRD "72"]
[GameID "255361"]

1. d4 d5 2. Nf3 Bf5 3. Bf4 e6 4. e3 a6 5. Bd3 Bxd3 6. Qxd3 h6 7. O-O c5 8. c3 Nf6 9. Nbd2 Nc6 10. Ne5 c4
11. Qc2 Nh5 12. Ndf3 Nxf4 13. exf4 Be7 14. Rfe1 O-O 15. Re2 Re8 16. Rae1 Qc8 17. g3 b5 18. f5 exf5 19. Nxc6 Qxc6 20. Rxe7 Rxe7
21. Rxe7 g6 22. Qe2 a5 23. Ne5 Qf6 24. Nxf7 Qg5 25. Nxg5
1-0

[Event "Matterhorn Challenge"]
[Site "SchemingMind.com"]
[Date "2010.07.23"]
[Round "-"]
[White "XTC"]
[Black "Nut"]
[Result "0-1"]
[WhiteCountry "COL"]
[BlackCountry "USA"]
[WhiteElo "1865"]
[WhiteRD "61"]
[BlackElo "1863"]
[BlackRD "67"]
[GameID "255382"]

1. e4 e5 2. Nf3 Nc6 3. Bc4 Nf6 4. Ng5 d5 5. exd5 Na5 6. d3 h6 7. Nf3 e4 8. Qe2 Nxc4 9. dxc4 Be7 10. Nfd2 O-O
11. Nxe4 Nxe4 12. Qxe4 Bb4+ 13. Kd1 Re8 14. Qd4 Qe7 15. Nc3 Bxc3 16. Qxc3 Qe2#
0-1

[Event "Matterhorn Challenge"]
[Site "SchemingMind.com"]
[Date "2010.07.25"]
[Round "-"]
[White "XTC"]
[Black "Negrito19"]
[Result "1-0"]
[WhiteCountry "COL"]
[BlackCountry "ARG"]
[WhiteElo "1868"]
[WhiteRD "64"]
[BlackElo "1504"]
[BlackRD "82"]
[GameID "255383"]

1. e4 e5 2. Nf3 d6 3. d4 c6 4. Bc4 b5 5. Bd3 Bg4 6. Be3 Nf6 7. h3 Bh5 8. O-O g6 9. g4 Nxg4 10. hxg4 Bxg4
11. dxe5 dxe5 12. a4 a6 13. axb5 a5 14. bxc6 Nxc6 15. Bb5 Qxd1 16. Rxd1 Rc8 17. Bg5 Be7 18. Bxc6+ Rxc6 19. Bxe7 Bxf3 20. Rd8+ Kxe7
21. Rxh8 h5 22. Nc3 Kf6 23. Rxa5 Rb6 24. Nd5+ Kg5 25. Nxb6 Bxe4 26. Rxe5+ Bf5 27. c4 Kf4 28. Re1 Kg5 29. c5 h4 30. Re5 Kg4
31. Rf8 Be6 32. c6 Kf4 33. Rxe6 h3 34. Rxg6 Kf5 35. Rh6 Kg4 36. Rxf7 Kg5 37. Rxh3 Kg6 38. Rff3 Kg5 39. c7
1-0

[Event "Matterhorn Challenge"]
[Site "SchemingMind.com"]
[Date "2010.07.23"]
[Round "-"]
[White "XTC"]
[Black "kwabena"]
[Result "1-0"]
[WhiteCountry "COL"]
[BlackCountry "ENG"]
[WhiteElo "1865"]
[WhiteRD "61"]
[BlackElo "1527"]
[BlackRD "72"]
[GameID "255384"]

1. e4 d5 2. exd5 Qxd5 3. Nc3 Qa5 4. g3 Nf6 5. Bg2 Qb6 6. Nge2 Bf5 7. d3 e6 8. Be3 c5 9. O-O Bd6 10. b4 Qc7
11. Nb5 Qd7 12. Nxd6+ Qxd6 13. Bxb7 O-O 14. Bxa8 cxb4 15. Bxa7 Nbd7 16. Bg2 Nd5 17. Bxd5 Qxd5 18. Be3 Nf6 19. f3 Rc8 20. g4 Bg6
21. Nf4 Qe5 22. Qd2 Rb8 23. Rab1 Qd6 24. c4 h6 25. c5 Qd7 26. Nxg6 fxg6 27. d4 Nd5 28. a3 Nxe3 29. Qxe3
1-0

[Event "Matterhorn Challenge"]
[Site "SchemingMind.com"]
[Date "2010.07.23"]
[Round "-"]
[White "XTC"]
[Black "Clive Everill"]
[Result "1-0"]
[WhiteCountry "COL"]
[BlackCountry "CZE"]
[WhiteElo "1865"]
[WhiteRD "61"]
[BlackElo "1657"]
[BlackRD "51"]
[GameID "255385"]

1. e4 d5 2. exd5 Qxd5 3. Nc3 Qd6 4. Nf3 Nc6 5. Bb5 a6 6. Bxc6+ Qxc6 7. O-O Bg4 8. Ne5 Bxd1 9. Nxc6 Bxc2 10. Nd5 Kd7
11. Ne5+ Kd6 12. Nxf7+ Kxd5 13. Nxh8 Nh6 14. d4 g6 15. Bxh6 Bxh6 16. Nf7 Bg7 17. Rac1 Bf5 18. Rxc7 Bxd4 19. Rxe7 Bxb2 20. Rd1+ Kc4
21. Rc7+ Kb4 22. Nd6 Be6 23. Rxb7+ Ka3 24. Rd2 Bc1 25. Rc2 Bf4 26. Nc4+ Bxc4 27. Rxc4 g5 28. g3 Bd6 29. Rxh7 Kxa2 30. Rg7 Kb3
31. Rc6 Bb4 32. Rxg5 a5 33. Re5 Rd8 34. Kg2 Rd3 35. Re3 Rxe3 36. fxe3 a4 37. Ra6 a3 38. h4 a2 39. Rxa2 Kxa2 40. h5 Bf8
41. g4 Kb3 42. g5 Bg7 43. h6
1-0

[Event "Matterhorn Challenge"]
[Site "SchemingMind.com"]
[Date "2010.07.23"]
[Round "-"]
[White "XTC"]
[Black "PStuart"]
[Result "1-0"]
[WhiteCountry "COL"]
[BlackCountry "USA"]
[WhiteElo "1865"]
[WhiteRD "61"]
[BlackElo "1786"]
[BlackRD "61"]
[GameID "255386"]

1. e4 c6 2. d4 d5 3. Nc3 dxe4 4. Nxe4 Bf5 5. Ng3 Bg6 6. Nf3 Nd7 7. h4 h6 8. h5 Bh7 9. Bd3 Bxd3 10. Qxd3 Qc7
11. O-O e6 12. c4 Ngf6 13. c5 Be7 14. b4 O-O 15. Bd2 Nd5 16. a3 N7f6 17. Ne5 Rfd8 18. Qf3 Bf8 19. Rfe1 Qe7 20. a4 Nd7
21. Ne4 N7f6 22. Nd6 Rxd6 23. cxd6 Qxd6 24. Rab1 Rd8 25. Nc4 Qd7 26. b5 c5 27. Ne5 Qc7 28. Rbc1 b6 29. Nc6 Rd7 30. dxc5 Bxc5
31. Bb4 Nxb4 32. Nxb4 Qb7 33. Nc6 Nd5 34. Ne5 Re7 35. a5
1-0